Computing today with Tim's toolbox

Αποθηκεύτηκε σε:
Λεπτομέρειες βιβλιογραφικής εγγραφής
Μορφή: Βιβλίο
Γλώσσα:Undetermined
Έκδοση: Boston McGraw- Hill 2004
Θέματα:
Ετικέτες: Προσθήκη ετικέτας
Δεν υπάρχουν, Καταχωρήστε ετικέτα πρώτοι!
Thư viện lưu trữ: Trung tâm Học liệu Trường Đại học Cần Thơ
LEADER 00478nam a2200169Ia 4500
001 CTU_122355
008 210402s9999 xx 000 0 und d
082 |a 004.16 
082 |b O.45 
245 0 |a Computing today with Tim's toolbox 
245 0 |c Timothy J. O’Leary, Linda I. O’Leary 
260 |a Boston 
260 |b McGraw- Hill 
260 |c 2004 
650 |a Electronic digital computers 
904 |i M.Loan 
980 |a Trung tâm Học liệu Trường Đại học Cần Thơ